| 000 | 01442cam a2200337 4500 | ||
|---|---|---|---|
| 008 | 030702n2003 000 0 eng u | ||
| 020 | _a0754520935 | ||
| 020 | _a0754520935 | ||
| 035 | _a(Sirsi) u122870 | ||
| 041 | _aeng | ||
| 050 |
_a693.82 _c18 |
||
| 100 | _aMiller, Ron | ||
| 245 | _aTolley's fire safety management handbook | ||
| 250 | _a2nd ed. | ||
| 260 |
_aCroydon _bTolley _c2003 |
||
| 300 |
_axvii, 399p. _c23cm. |
||
| 350 | _a55 | ||
| 520 | _aSecond edition of this text provides advice on how to avoid fire in the workplace. Explains the relevant fire safety legislation, regulations and standards and provides guidance on fire risk assessment, managing fire safety and implementing and monitoring a fire safety management policy. Specialist information is given on areas such as historic buildings, building control, planning control, CDM Regulations and dealing with contractors. | ||
| 520 | _aSupersedes first edition (ISBN 0754510654). | ||
| 650 | _aMANAGEMENT-HEALTH AND SAFETY-FIRE SAFETY | ||
| 650 | _aFIRE PREVENTION | ||
| 650 | _aFIRE RISK ASSESSMENT | ||
| 650 | _aFIRE PRECAUTIONS (WORKPLACE) REGULATIONS 1997 | ||
| 650 | _aFIRE PRECAUTIONS (WORKPLACE) (AMENDMENT) REGULATIONS 1999 | ||
| 650 | _aBRITISH STANDARDS | ||
| 650 | _aEUROPEAN STANDARDS | ||
| 650 | _aDISABILITY DISCRIMINATION ACT 1995 | ||
| 650 | _aFIRE PRECAUTIONS ACT 1971 | ||
| 690 |
_aHealth and safety _96244 |
||
| 942 | _n0 | ||
| 999 |
_c102948 _d102948 |
||